[Event "32nd Reykjavik Open 2017"]
[Site "Reykjavik"]
[Date "2017.04.20"]
[Round "3"]
[White "Tania, Sachdev"]
[Black "L'Ami, Erwin"]
[Result "0-1"]
[WhiteElo "2429"]
[BlackElo "2614"]
[Annotator "TA"]
[PlyCount "78"]
[EventDate "2017.??.??"]
[EventType "swiss"]
[EventCountry "ISL"]
[SourceTitle "playchess.com"]
[Source "ChessBase"]
[SourceQuality "1"]

{[%evp 8,78,41,29,29,21,23,19,38,12,7,16,11,-19,0,-5,-14,-35,-42,-48,0,0,0,0,0,-20,0,0,0,-120,-123,-112,-103,-160,-139,-151,-140,-198,-204,-226,-226,-319,-319,-316,-314,-347,-325,-415,-408,-408,-408,-394,-401,-401,-400,-614,-614,-579,-576,-544,-463,-516,-516,-714,-668,-709,-703,-710,-680,-695,-698,-677,-666]} 1. d4 f5 2. g3 Nf6 3. Bg2 e6 4. c4 d5 5. Nh3 Bd6 {A90: Dutch Defence: Miscellaneous and Modern Stonewall (with ...Bd6)} 6. Nd2 (6. O-O O-O 7. Bf4 Be7 8. Nd2 Nc6 9. cxd5 Nxd5 10. Nb3 Bf6 11. Bc1 a5 12. e3 b6 13. Nf4 {½-½ (30) Ragger,M (2697)-Vallejo Pons,F (2716) Baku 2016}) 6... O-O 7. O-O h6 $146 {The position is equal.} (7... c6 8. Nf3 Ne4 9. Qc2 Nd7 10. Nf4 Qf6 11. Nd3 g5 12. b3 f4 13. Bb2 Qf5 14. Nfe5 Nxe5 15. dxe5 Be7 {1-0 (33) Kunte,A (2515)-Lahiri,A (2361) Canberra 2010}) 8. Nf4 Bxf4 9. gxf4 Nc6 10. Nf3 dxc4 11. e3 Nd5 12. Bd2 b5 13. Qe2 Ba6 14. Rfc1 Rb8 {[%cal Ba8b8,Bb8b6,Bb6c6][%mdl 32]} 15. b3 Rb6 {White must now prevent ...c3!} 16. Qe1 cxb3 17. axb3 b4 18. Rxc6 (18. Qd1 $11 {keeps the balance.}) 18... Rxc6 $17 19. Ne5 Rb6 20. Nc4 (20. Ra4 $142) 20... Bxc4 $1 21. bxc4 {[#]} Nc3 $1 22. Rxa7 (22. h3 $17) (22. Bxc3 bxc3) 22... Rf6 $19 23. Ra1 Rg6 24. Bxc3 (24. f3 $142) 24... bxc3 25. Qxc3 Qh4 {Strongly threatening ...Qh3.} 26. Qc1 Kh7 27. c5 {[#]} Qg4 $1 {[%csl Gg6][%cal Rg4g2][%mdl 512]} 28. Qf1 Rb2 29. Kh1 {White hopes to continue with Qg1.} Qh4 30. Kg1 Rg4 31. Rb1 {[#]} (31. Ra7 $142) 31... Qxf2+ $1 {[%mdl 512] Black is clearly winning.} ({Weaker is} 31... Rxb1 32. Qxb1 Rg6 33. Qf1 $15) 32. Qxf2 Rxb1+ 33. Qf1 Rxf1+ 34. Kxf1 {[%mdl 4096] Endgame KR-KB} g5 35. fxg5 hxg5 36. Kf2 Kg6 37. Bf1 Kf6 38. h3 Rh4 39. Kg2 e5 0-1

[Event "32nd Reykjavik Open 2017"]
[Site "Reykjavik"]
[Date "2017.04.20"]
[Round "3"]
[White "Sundararajan, Kidambi"]
[Black "Landa, Konstantin"]
[Result "1/2-1/2"]
[WhiteElo "2422"]
[BlackElo "2611"]
[Annotator "TA"]
[PlyCount "197"]
[EventDate "2017.??.??"]
[EventType "swiss"]
[EventCountry "ISL"]
[SourceTitle "playchess.com"]
[Source "ChessBase"]
[SourceQuality "1"]

{[%evp 13,197,25,14,4,18,18,18,23,25,23,23,18,16,7,18,9,7,0,6,0,0,0,8,-55,-48,-64,-62,-45,-47,-89,-102,-137,-115,-111,-102,-100,-102,-100,-77,-94,-92,-85,-100,-91,-96,-96,-86,-89,-90,-99,-81,-104,-90,-112,-100,-106,-99,-112,-109,-101,-101,-111,-113,-111,-114,-118,-96,-104,-110,-109,-113,-124,-110,-109,-108,-94,0,-102,-94,-97,-101,-143,-130,-143,-145,-220,-193,-221,-221,-225,-208,-216,-211,-206,-157,-150,-118,-120,-120,-118,-118,-111,-89,-85,-118,-136,-119,-119,-119,-258,-108,-114,-8,-8,-8,-8,-8,-8,-8,-8,-8,-8,-8,-8,-8,-8,-8,-8,-8,-8,-8,-8,-8,-8,-8,-12,-12,-12,-12,-12,-12,-12,-12,-12,-8,-12,-8,-12,-12,-12,-12,-12,-12,-12,-12,-12,-12,-12,-12,-12,-12,-12,-12,-12,-12,-12,-4,-12,0,-12,-8,-8,-8,-12,-12,-12,-12,-12,-12,-12,-12,-12,0,0,0,0]} 1. d4 d5 2. Nf3 Nf6 3. c4 e6 4. Nc3 Be7 5. Bg5 Nbd7 6. e3 h6 7. Bh4 O-O 8. Be2 {D56: Queen's Gambit Declined: Lasker Defence} (8. Qc2 c5 9. cxd5 Nxd5 10. Bxe7 Qxe7 11. Nxd5 exd5 12. dxc5 Nxc5 13. Be2 Bg4 14. O-O Rac8 15. Rad1 Rfd8 16. h3 Ne6 17. Qa4 Bf5 18. Nd4 Nxd4 19. Rxd4 Rc2 20. Bf3 Rxb2 21. Qxa7 Be4 22. Bxe4 {½-½ (22) Yu,Y (2729)-Anand,V (2779) Doha 2016}) 8... c5 9. cxd5 Nxd5 10. Bxe7 Nxe7 11. O-O $146 (11. dxc5 Nxc5 12. O-O Qb6 13. Qc2 Bd7 14. Ne5 Bc6 15. Nxc6 Nxc6 16. Rad1 Rfd8 17. b3 a6 18. Rxd8+ Rxd8 19. Rd1 {½-½ (19) Hantel,T (1727)-Roethel,D (1584) Mecklenburg VP 2005}) 11... b6 12. dxc5 Nxc5 13. b4 Nd7 14. Rc1 Bb7 15. Nb5 Nf6 16. Ne5 {White wants to play Qxd8.} Ned5 17. a3 a5 18. Nd4 ({White should play} 18. bxa5 $11 Rxa5 19. Qd4) 18... axb4 $15 19. Ndc6 Qc7 $1 {...Nc3 is the strong threat.} 20. axb4 Nxb4 21. Nxb4 Qxe5 22. Bf3 Rfd8 23. Qe2 Bxf3 24. Qxf3 Qe4 25. Nc6 Rd7 26. Rb1 Rb7 27. Qxe4 Nxe4 28. Rfc1 Ra2 29. f3 Nf6 30. e4 g5 31. Rd1 Kg7 32. Nb4 Ra8 33. Rb2 Rc8 34. Kf2 Nd7 35. Nd3 Rc3 36. Ke2 Rbc7 37. Ne1 Kf6 38. Ra1 h5 39. Ra8 Rc8 40. Ra7 R3c7 41. Ra1 h4 42. Rd1 Ke7 43. Ra1 Rc1 44. Ra7 R1c7 45. Ra1 $1 Rc5 $36 {[%mdl 2048] White is under strong pressure.} 46. Ra7 R8c7 47. Ra8 Ra5 48. Rg8 Rca7 49. Nd3 (49. Rc8 $17) 49... Ra2 $1 $19 {[%cal Ra2b2]} 50. Rxa2 Rxa2+ {[%mdl 4096] Endgame KRN-KRN} 51. Kf1 Rd2 52. Nf2 f6 53. g3 Ne5 54. gxh4 gxh4 55. f4 Nd3 56. Nxd3 Rxd3 $17 {KR-KR} 57. Rb8 Rb3 58. Kf2 Rb2+ 59. Kf3 {[#]} f5 $1 (59... Rxh2 $6 60. Rb7+ Ke8 61. Rxb6 $11) 60. exf5 exf5 61. Ke3 (61. Rb7+ $17 {might work better.} Kd6 62. Rf7) 61... h3 ({Weaker is} 61... Rxh2 62. Rxb6 Kf7 63. Rh6 $11) (61... b5 $19 62. Kd4 h3) 62. Kf3 {[#]} Kd6 ({But not} 62... Rxh2 $6 63. Rb7+ Kf6 64. Rxb6+ Kg7 65. Rb7+ Kh6 66. Rb8 $11) (62... Rb3+ $1 $17 63. Ke2 Kd6) 63. Kg3 $11 {The position is equal.} Rb3+ 64. Kh4 $1 b5 65. Kg5 Rb2 66. Kxf5 Kc7 67. Re8 Rxh2 68. Re3 $1 Rh1 69. Ke6 $1 h2 70. Re2 Rf1 (70... Kd8 $5) 71. Rxh2 Rxf4 72. Ke5 Rf3 73. Rh6 Rd3 74. Ke4 Rd8 (74... Rd2 $5 {feels hotter.} 75. Rg6 Kb7 76. Rh6 Ka7 77. Rf6 Rd1) 75. Ke3 Kb7 76. Rg6 Rd5 77. Ke4 Rd1 78. Ke3 Kc7 79. Rh6 Rd8 80. Rh1 Kb6 81. Rb1 Rd7 82. Ke4 Rd6 83. Ke3 $1 Rd5 {next ...Kc5 is good for Black.} 84. Ke4 Kc6 85. Rc1+ Rc5 86. Rb1 Rc3 87. Kd4 $1 {[%cal Rd4c3]} Ra3 88. Rc1+ $1 Kb6 {Strongly threatening ...Ka5.} 89. Rc3 $1 {[%cal Rc3a3]} Ra2 {Hoping for ...Rd2+.} 90. Rc1 Ra3 91. Rc3 $1 {[%cal Rc3a3]} Ra8 {aiming for ...Rd8+.} 92. Kd3 b4 {( -> ...Rd8+)} (92... Rd8+ $5 93. Kc2 $8 Ka5 $11) 93. Rb3 Kb5 {Threatens to win with ...Rc8.} 94. Kc2 Kc4 {And now ...Ra2+ would win.} 95. Rh3 Ra2+ 96. Kb1 Rd2 97. Rg3 Rd3 98. Rxd3 Kxd3 99. Kb2 1/2-1/2

[Event "32nd Reykjavik Open 2017"]
[Site "Reykjavik"]
[Date "2017.04.20"]
[Round "3"]
[White "Ris, Robert"]
[Black "Beliavsky, Alexander G"]
[Result "1-0"]
[WhiteElo "2419"]
[BlackElo "2597"]
[Annotator "TA"]
[PlyCount "63"]
[EventDate "2017.??.??"]
[EventType "swiss"]
[EventCountry "ISL"]
[SourceTitle "playchess.com"]
[Source "ChessBase"]
[SourceQuality "1"]

{[%evp 5,63,7,17,12,33,31,42,25,27,19,19,14,30,23,47,51,43,25,48,45,63,23,56,24,37,6,25,0,-2,-47,-48,-50,-54,-128,-111,-112,-116,-100,-100,-98,-98,-97,-95,-100,-96,-132,-125,-137,-79,-91,-30,-58,0,0,0,0,1535,1516,1422,1359]} 1. d4 d5 2. Nf3 Nf6 3. Bf4 Nh5 4. Bd2 {D02: 1 d4 d5 2 Nf3 sidelines, including 2...Nf6 3 g3 and 2...Nf6 3 Bf4} (4. Be3 c6 5. g3 Bf5 6. Nbd2 h6 7. Bg2 Qb6 8. Qc1 Nd7 9. O-O e6 10. c4 Be7 11. h3 Nhf6 {1-0 (76) Tologontegin,S (2354)-Mandiza,F (2388) Tromsoe 2014}) 4... c6 5. c4 g6 6. e3 {White is slightly better.} Bg7 7. cxd5 cxd5 8. Bb5+ Bd7 9. Qb3 $146 (9. Qa4 O-O 10. O-O Bg4 11. Be2 Nc6 {0-1 (52) Gaier,A (1352)-Travnicek,J (1634) Leutersdorf 2007}) 9... Qb6 10. Nc3 e6 11. Ne5 Bxe5 12. dxe5 O-O 13. O-O Ng7 {[%cal Bh5g7,Bg7f5,Bf5h4,Bh4f3][%mdl 32]} 14. Rac1 Nf5 15. Rfd1 Bxb5 16. Nxb5 {Nc7 is the strong threat.} Nc6 {[%cal Bb8c6,Bc6a5,Ba5c4][%mdl 32]} 17. g4 Nh4 18. f4 Nf3+ 19. Kg2 (19. Kf2 $1 $15 Nxd2 20. Rxd2) 19... Nxd2 $17 20. Rxd2 {[#]} Na5 $1 $36 {[%cal Ra5b3][%mdl 2048] Black has strong initiative.} 21. Qa3 Nc4 22. Rxc4 dxc4 23. Nd6 Qc6+ 24. e4 b5 25. Qe3 Qb6 26. Qg3 Qa5 (26... Rad8 $142 27. f5 Qc5) 27. Rf2 b4 ({Much weaker is} 27... Qxa2 $6 28. f5 a6 29. Qe3 exf5 30. gxf5 $11) (27... Rad8 $17 28. f5 Qb6) 28. f5 $1 $11 {[%cal Bf4f5,Bf5f6][%mdl 32]} c3 ({Weaker is} 28... Qxa2 29. Qf4 exf5 30. gxf5 $16) ({Better is} 28... h6 $15) 29. bxc3 bxc3 {Strongly threatening ...Rab8.} 30. Qf4 $1 c2 $2 {[%mdl 8192] [#]} (30... exf5 $11 31. gxf5 Qa4) 31. f6 $1 $18 {Intending Qh6 and mate.} ({Inferior is} 31. Rxc2 Qe1 $11) 31... Qxe5 32. Qh6 1-0

[Event "32nd Reykjavik Open 2017"]
[Site "Reykjavik"]
[Date "2017.04.20"]
[Round "3"]
[White "Abrahamyan, Tatev"]
[Black "Can, Emre"]
[Result "1-0"]
[WhiteElo "2364"]
[BlackElo "2578"]
[Annotator "TA"]
[PlyCount "83"]
[EventDate "2017.??.??"]
[EventType "swiss"]
[EventCountry "ISL"]
[SourceTitle "playchess.com"]
[Source "ChessBase"]
[SourceQuality "1"]

{[%evp 24,83,38,43,65,70,63,54,52,18,28,0,0,-7,215,205,220,233,312,298,306,147,220,222,206,214,402,402,360,294,288,245,278,279,405,395,381,369,339,252,241,229,200,176,169,170,269,264,259,263,253,247,341,326,500,466,589,592,2152,1951,4902,4645]} 1. e4 c5 2. Nf3 d6 3. d4 cxd4 4. Nxd4 Nf6 5. Nc3 a6 6. f3 g6 7. Be3 Bg7 8. Qd2 h5 {B75: Sicilian Dragon: Yugoslav Attack, Miscellaneous} 9. Bc4 (9. Be2 Nbd7 10. O-O b6 11. Nd5 Bb7 12. c4 O-O 13. Rfd1 Rc8 14. Rac1 Re8 15. Bg5 e6 16. Nxf6+ Bxf6 17. Bxf6 Qxf6 {1-0 (54) Kryvoruchko,Y (2711)-Zubarev,A (2548) Lvov 2015}) 9... b5 10. Bb3 Bb7 11. O-O-O Nbd7 12. Rhe1 Rc8 13. Kb1 {LiveBook: 3 Games} Ne5 14. Bg5 Nc4 15. Bxc4 $1 Rxc4 16. Nb3 {aiming for e5.} Nh7 $146 (16... Qc7) 17. Bh6 Bxc3 $1 18. bxc3 Qc7 $2 {[#]} (18... Nf8 $1 $11 {and Black is okay.}) 19. e5 $1 $18 {[%cal Re5d6][%mdl 512]} d5 (19... dxe5 20. Bg7) 20. e6 Rg8 21. exf7+ Kxf7 {[#]} 22. Qe2 (22. Na5 $1 $18 {[%mdl 512] is the precise move to win.}) 22... e5 {[#]} (22... Qd6 $16 23. h4 Rxc3) 23. Na5 $1 {[%mdl 512]} ({Don't take} 23. Qxe5 $6 Qxe5 24. Rxe5 Rcc8) 23... Re8 (23... Qxa5 24. Qxe5) 24. Nxc4 bxc4 $2 (24... Qxc4 25. Qe3 Nf6) 25. Bf4 {[%cal Bh6f4,Bf4e3,Be3d4][%mdl 32]} Kf6 26. Be3 Bc6 27. f4 exf4 28. Bd4+ Kf5 (28... Kf7 {keeps fighting.}) 29. Qf1 Ng5 30. g3 ({Less strong is} 30. Rxe8 Bxe8 31. g3 Ke6 32. gxf4 Ne4 $18) 30... Ne4 31. Qh3+ Kg5 {[%cal Rf4g3]} 32. Qh4+ Kh6 33. Qxf4+ Qxf4 34. gxf4 Bd7 (34... h4 $142 35. Ka1 Ba4) 35. Ka1 h4 36. Rb1 Bb5 37. Rb4 Kh5 38. Rg1 Rf8 (38... g5 {was necessary.} 39. a4 Bd7) 39. a4 {White is clearly winning.} Bc6 40. Rb6 Bxa4 41. Rbxg6 {Threatening mate with Bg7.} Rxf4 42. Rg8 1-0

[Event "32nd Reykjavik Open 2017"]
[Site "Reykjavik"]
[Date "2017.04.20"]
[Round "3"]
[White "Guramishvili, Sopiko"]
[Black "Ramirez, Alejandro"]
[Result "0-1"]
[WhiteElo "2363"]
[BlackElo "2555"]
[Annotator "TA"]
[PlyCount "88"]
[EventDate "2017.??.??"]
[EventType "swiss"]
[EventCountry "ISL"]
[SourceTitle "playchess.com"]
[Source "ChessBase"]
[SourceQuality "1"]

{[%evp 12,88,4,3,27,24,39,31,38,22,23,25,22,20,25,27,31,-19,24,21,27,12,8,12,36,-1,6,6,3,0,4,-12,0,0,0,-86,-25,-23,15,19,8,0,0,0,0,-190,-178,-215,-210,-246,-237,-223,-216,-345,-336,-382,-378,-640,-637,-704,-695,-692,-683,-726,-710,-737,-736,-764,-780,-772,-758,-720,-720,-745,-689,-29977,-29976,-29984,-10768]} 1. c4 c5 2. Nc3 b6 3. e4 Bb7 4. g3 g6 5. Bg2 Bg7 6. Nge2 Nc6 {A34: Symmetrical English: 2 Nc3, lines with ...d5} 7. d3 {LiveBook: 32 Games} a6 (7... e6 8. Be3 Nge7 9. d4 d6 10. O-O O-O 11. b3 {½-½ (11) Djurovic,G (2398)-Sulava,N (2459) Sibenik 2016}) 8. O-O e6 {White has an edge.} 9. Be3 Nd4 10. Qd2 Ne7 $146 (10... d6 11. Bxd4 cxd4 {0-1 (82) Falk,T (1968)-Tonndorf,M (2107) Verden 2007}) 11. Bh6 O-O 12. Bxg7 Kxg7 13. b4 Nec6 14. Rab1 Rb8 ({Don't play} 14... cxb4 $6 15. Nxd4 bxc3 16. Qxc3 $16) 15. a3 d6 16. h3 Ba8 17. f4 f5 18. b5 axb5 19. cxb5 Nxe2+ 20. Nxe2 Na5 21. g4 d5 {[%cal Rd5e4]} 22. exf5 exf5 23. d4 (23. gxf5 $11 {keeps the balance.} Rxf5 24. Ng3) 23... Nc4 ({Better is} 23... Re8 $17 {Hoping for ...Nc4.} 24. Rf3 Nc4) 24. Qc3 $11 {Black must now prevent dxc5+.} Re8 ({But not} 24... Qf6 $2 25. g5 Qe7 26. dxc5+ Kg8 27. c6 Qc5+ 28. Rf2 $18) 25. dxc5+ Qf6 $1 26. c6 {[#] aiming for Nd4.} Rxe2 27. Qxf6+ Kxf6 28. g5+ $2 (28. Bxd5 $11 Ne3 29. g5+ Kg7 30. Bf3) 28... Ke6 $19 29. Rfe1 Rxe1+ 30. Rxe1+ Kd6 31. a4 Rc8 32. Bh1 (32. h4 $142) 32... d4 33. Kf2 Nb2 {Strongly threatening ...Nd3+.} 34. Rb1 $2 {[#]} (34. Ra1) 34... Nxa4 35. Rb4 Nc3 36. Rxd4+ Kc5 37. Rd7 Nxb5 38. Rxh7 Bxc6 39. Bxc6 Rxc6 {KRN-KR} 40. h4 Nc3 41. h5 gxh5 42. Rxh5 Kd4 43. g6 Rxg6 44. Rxf5 Rf6 (44... Ne4+ $142 45. Ke1 Kd3 46. Rd5+ Ke3 47. Kf1 Nd2+ 48. Rxd2 Kxd2 49. Kf2 b5 50. Kf3 b4 51. f5 Rf6 52. Kf4 b3 53. Ke5 Rb6 54. f6 b2 55. f7 b1=Q 56. f8=Q Qb5+ 57. Kd4 Qd3+ 58. Ke5 Rb5+ 59. Kf6 Qf5+ 60. Ke7 Rb7+ 61. Kd6 Rd7+ 62. Kc6 Qd5+ 63. Kb6 Rb7+ 64. Ka6 Qb5#) 0-1

[Event "32nd Reykjavik Open 2017"]
[Site "Reykjavik"]
[Date "2017.04.20"]
[Round "3"]
[White "Soumya, Swaminathan"]
[Black "Hjartarson, Johann"]
[Result "0-1"]
[WhiteElo "2349"]
[BlackElo "2536"]
[Annotator "TA"]
[PlyCount "56"]
[EventDate "2017.??.??"]
[EventType "swiss"]
[EventCountry "ISL"]
[SourceTitle "playchess.com"]
[Source "ChessBase"]
[SourceQuality "1"]

{[%evp 15,56,-25,-13,-47,-37,-45,-35,-43,-35,-36,-24,-25,-25,-227,-206,-210,-225,-327,-313,-312,-325,-453,-428,-409,-426,-611,-618,-658,-651,-674,-668,-692,-687,-639,-500,-1174,-1172,-1164,-1164,-1139,-1122,-1054,-1038]} 1. e4 g6 2. d4 Bg7 3. Nc3 d6 4. f4 a6 5. Nf3 b5 6. Be3 {B06: Modern Defence} Nd7 7. Qd2 (7. e5 Bb7 8. Bd3 c5 9. Be4 Bxe4 10. Nxe4 Nh6 11. dxc5 dxe5 12. c6 Nf6 13. Qxd8+ Rxd8 14. Nxf6+ exf6 15. c7 Rc8 16. Bb6 {0-1 (60) Wei,Y (2696)-Carlsen,M (2855) Bilbao 2016}) 7... Bb7 8. Bd3 c5 $1 {LiveBook: 9 Games} 9. e5 $146 (9. a4 $5 {looks sharper.} c4 10. Be2 b4 11. Na2 Bxe4 12. Bxc4 Bxf3 13. gxf3 a5 14. f5) (9. dxc5 Nxc5 10. O-O Rc8 11. Rae1 Nxd3 12. cxd3 Nf6 13. Kh1 O-O 14. f5 {½-½ (44) Ahmed,A (2297)-Asgarizadeh,A (2407) Al Ain 2015}) 9... cxd4 10. Bxd4 {[#] Strongly threatening e6!} (10. Nxd4 dxe5 11. Nb3 Ngf6 $17) 10... Bxf3 11. gxf3 dxe5 12. fxe5 Nxe5 13. Be4 Nc4 $36 {[%mdl 2048] Black has the initiative.} 14. Bc6+ $2 {[#]} (14. Bxa8 $2 Bxd4 15. Bc6+ Kf8 $19) (14. O-O-O $1 $11 Bxd4 15. Qxd4 Qxd4 16. Rxd4) 14... Kf8 $19 15. Bxg7+ Kxg7 16. Qe2 (16. Qxd8 {was worth a try.} Rxd8 17. Bb7) 16... Rc8 (16... Nxb2 17. Bxa8 Nf6 18. Nd1 (18. Be4 Qa5 19. O-O Qxc3 $17) 18... Nxd1 19. Rxd1 $17) 17. Bb7 Rb8 ({Weaker is} 17... Nxb2 18. Bxc8 Qxc8 19. Ne4 $17 (19. Qe5+ $2 Nf6 20. O-O Nc4 $19)) 18. Bxa6 Qa5 (18... Nxb2 19. Rb1 $19) 19. Bxb5 Nxb2 ({Less strong is} 19... Rxb5 20. Qxc4 Rxb2 21. Rc1 $19) 20. Qd2 (20. Qe5+ $142 Nf6 21. O-O) 20... Nf6 {[%cal Bg8f6,Bf6d5,Bd5c3,Bc3b1][%mdl 32] White must now prevent ...Rhd8.} 21. Bd3 Qe5+ 22. Kf2 Qd4+ 23. Ke2 Rhc8 24. Ne4 Nd5 25. Rhb1 (25. Ba6 $142 Nf4+ 26. Kf1 Qxd2 27. Nxd2 Rxc2 28. Nb3) 25... Nxd3 26. cxd3 f5 27. Ng5 Nc3+ 28. Kf1 Nxb1 0-1

[Event "32nd Reykjavik Open 2017"]
[Site "Reykjavik"]
[Date "2017.04.20"]
[Round "3"]
[White "Johannsson, Orn Leo"]
[Black "Stefansson, Hannes"]
[Result "0-1"]
[WhiteElo "2236"]
[BlackElo "2566"]
[Annotator "TA"]
[PlyCount "110"]
[EventDate "2017.??.??"]
[EventType "swiss"]
[EventCountry "ISL"]
[SourceTitle "playchess.com"]
[Source "ChessBase"]
[SourceQuality "1"]

{[%evp 14,110,16,10,20,7,25,-3,22,-6,0,0,0,0,0,-4,-7,-20,-23,-26,-17,-65,-75,-109,-109,-112,-121,-121,-129,-136,-137,-148,-148,-154,-162,-171,-175,-191,-201,-202,-203,-203,-192,-245,-245,-229,-216,-223,-190,-231,-231,-240,-222,-245,-260,-238,-35,-55,0,-70,-65,-75,-25,-143,-109,-114,-91,-137,-146,-143,-163,-212,-249,-244,-289,-262,-279,-329,-308,-445,-456,-564,-585,-1392,-1263,-1178,-1096,-1229,-1023,-2098,-1907,-5493,-5206,-29990,-29991,-29992,-29993,-29996,-29997]} 1. e4 c5 2. Nf3 e6 3. d3 Nc6 4. g3 g6 5. Bg2 Bg7 6. O-O Nge7 7. c3 d5 8. Re1 h6 {A08: King's Indian Attack} 9. Na3 {[%cal Bb1a3,Ba3c2,Bc2e3][%mdl 32]} (9. h4 b6 10. e5 Ba6 11. d4 Qd7 12. Bf4 Nf5 13. a3 Rc8 14. b4 cxd4 15. cxd4 h5 16. Qd2 {1-0 (43) Amin,B (2635)-Radjabov,T (2724) Dubai 2014}) 9... b6 10. Nc2 $146 (10. exd5 Nxd5 11. Nc2 O-O 12. d4 Ba6 13. Ne3 cxd4 14. Nxd5 exd5 15. Nxd4 Nxd4 16. cxd4 {½-½ (43) Berggren Torell,H (2114)-Hultin,J (2287) Gothenburg 2013}) 10... Bb7 {The position is equal.} 11. h4 dxe4 12. dxe4 Qxd1 13. Rxd1 Na5 14. Nh2 O-O 15. Ne3 Rad8 16. Bd2 Nc8 {[%cal Be7c8,Bc8d6,Bd6c4,Bc4e3][%mdl 32]} 17. Be1 Nd6 18. f3 Nac4 19. Nxc4 Nxc4 20. Rxd8 Rxd8 21. Rb1 Ne3 $1 $36 {[%mdl 2048] Black is really pushing.} 22. Nf1 Rd1 $1 {[%cal Rd1b1]} 23. Nd2 Ba6 24. Rxd1 Nxd1 25. Bf1 Bxf1 26. Kxf1 Nxb2 $19 {[%mdl 4096] Endgame KBN-KBN} 27. Nb1 f5 28. exf5 (28. Ke2 {keeps fighting.}) 28... exf5 ({But not} 28... gxf5 29. Na3) 29. Ke2 Kf7 30. Na3 Ke6 31. c4 a6 32. Kd2 Kd7 33. Kc2 Kc6 $1 34. Bd2 b5 $2 {[#]} (34... h5 $19 {Hoping for ...Na4.} 35. Bc3 Bxc3 36. Kxc3 Na4+ 37. Kd2 b5) 35. Bxh6 $1 $15 {[%mdl 512]} Bf6 (35... Nxc4 $15 36. Nxc4 Bxh6 37. Ne5+ Kd5 38. Nxg6 c4) (35... Bxh6 36. Kxb2) 36. Bc1 (36. cxb5+ $11 axb5 37. Bg5 Bxg5 38. hxg5) 36... Na4 $1 37. Bd2 b4 38. Nb1 (38. Kb3 $1 $11 {was the only way to keep the balance.}) 38... Nb2 $1 $17 39. Kb3 Nd3 40. a3 {[%cal Ra3b4] [#]} a5 $1 41. Be3 Ne1 42. axb4 cxb4 ({Don't take} 42... axb4 43. Nd2 $17) 43. Nd2 Bc3 44. Nb1 {[#]} Be5 $1 ({Weaker is} 44... Nxf3 45. Nxc3 bxc3 46. Kxc3 $11) 45. f4 Bc7 46. Nd2 (46. Bd4 {was worth a try.}) 46... Bb6 $19 47. Bxb6 Kxb6 {KN-KN} 48. Ka4 Nd3 {[%cal Rd3c5]} 49. Kb3 Nc5+ 50. Kc2 a4 {[%cal Ba5a4,Ba4a3,Ba3a2][%mdl 32]} 51. Nf3 Ka5 52. Ne5 a3 53. Nxg6 b3+ {Black mates.} 54. Kb1 a2+ 55. Ka1 Kb4 0-1

[Event "32nd Reykjavik Open 2017"]
[Site "Reykjavik"]
[Date "2017.04.20"]
[Round "3"]
[White "Walton, Alan J"]
[Black "Harika, Dronavalli"]
[Result "0-1"]
[WhiteElo "2199"]
[BlackElo "2521"]
[Annotator "TA"]
[PlyCount "54"]
[EventDate "2017.??.??"]
[EventType "swiss"]
[EventCountry "ISL"]
[SourceTitle "playchess.com"]
[Source "ChessBase"]
[SourceQuality "1"]

{[%evp 15,54,4,13,0,0,-10,0,-29,-30,-24,0,0,0,-48,0,0,0,-18,0,-129,-134,-199,-127,-164,-121,-122,-119,-320,-312,-441,-322,-325,-290,-318,-160,-347,-378,-623,-620,-604,-589]} 1. d4 d5 2. c4 e6 3. Nc3 c6 4. e3 Nf6 5. Nf3 Nbd7 6. cxd5 exd5 7. Bd3 Be7 8. O-O O-O {LiveBook: 12 Games} 9. Rb1 {D46: Semi-Slav: 5 e3 Nbd7 6 Bd3, Black avoids the Meran} (9. Bd2 Re8 10. Qc2 Nf8 11. h3 Bd6 12. a3 a5 13. e4 dxe4 14. Nxe4 Nxe4 15. Bxe4 Be7 16. b4 a4 {0-1 (59) Ionescu,I (2181)-Houska,J (2383) Mamaia 2016}) 9... Re8 10. b4 a6 11. a4 {The position is equal.} Bd6 12. Qc2 Nf8 13. b5 Bg4 $146 (13... axb5 14. axb5 Bg4 15. Ne1 Bh5 16. h3 Bc7 17. Ne2 Qd6 {0-1 (39) Khramtsova,E (2150)-Razuvajeva,J (2115) St Petersburg 1998}) 14. Ne1 cxb5 15. axb5 a5 16. f3 Be6 17. e4 (17. b6 $11 {keeps the balance.}) 17... dxe4 $17 18. fxe4 (18. Nxe4 $17 {keeps fighting.} a4 19. Nxd6 Qxd6 20. Qc5) 18... Bb4 $36 {[%mdl 2048] Black is in control.} (18... Rc8 $1 $19 19. Nf3 Bg4) 19. d5 Bd7 20. Na4 {[#]} Nxe4 $1 {[%mdl 512]} 21. Be3 $2 (21. Bxe4 $17 {was the only defense.} Bxb5 22. Bd3 (22. Rf4 Ng6 23. Ra1 Nxf4 24. Bxf4 Qf6 $19) 22... Bxa4 23. Qxa4 Rxe1 24. Rxe1 Bxe1 25. Qd4) 21... Rc8 $19 22. Qe2 (22. Qd1 {is a better defense.} Nc3 23. Nxc3 Rxe3 24. Na4) 22... Nc5 23. Rxb4 {aiming for Rc4.} Nxd3 24. Rb1 {[#]} Ne5 (24... Nb4 $1 $19 {[%cal Rb4d5]} 25. Qf2 {[#]} Rxe3 $1 {[%mdl 512]} 26. Qxe3 Bxb5) 25. Nb6 $2 (25. Bd4 $17) 25... Ng4 26. Qf3 $2 (26. Nxc8 Rxe3 27. Qc4 Bxc8 28. Nc2) 26... Nxe3 27. Qxf7+ Kh8 0-1